00675 2200241 4500001002100000005001500021035002000036007000300056008004100059020000600100082001600106084002200122245009500144250001200239260003400251300003000285650001800315650001700333110001800350520001400368856002900382990002200411INLIS00000000000722620250122014849 a0010-0125000030ta250122 0 ind  a- a633.88(594) a633.88(594) PUS p1 aProsiding Forum Komunikasi Ilmiah Hasil Penelitian Plasma Nutfah Dan Budidaya Tanaman Obat aBuku II aBogor :bPuslitbangtri,c1992 a204p. :bilus ;c26 cme- 4aPlasma Nutfah 4aTanaman obat0 aPUSLITBANGTRI aProsiding aPerpustakaan BPSIP JATIM a32/2025/BSIPJATIM